[Event "34. Open Internacional de Andorra 2016"]
[Site "Andorra AND"]
[Date "2016.08.08"]
[Round "6.2"]
[White "Prohaszka, Peter"]
[Black "Cori, Jorge"]
[Result "0-1"]
[WhiteElo "2604"]
[BlackElo "2601"]
[PlyCount "80"]
[EventDate "2016.08.03"]
[EventType "swiss"]
[EventRounds "9"]
[EventCountry "AND"]
[SourceTitle "Ajedrez en Madrid"]
[Source "lmi"]
[SourceDate "2016.08.03"]
[SourceVersion "1"]
[SourceVersionDate "2018.03.01"]
[SourceQuality "1"]

1. d4 Nf6 2. c4 e6 3. g3 Bb4+ 4. Bd2 Qe7 5. Bg2 O-O 6. Nf3 Bxd2+ 7. Qxd2 d5 8.
O-O Rd8 9. Qc2 Nc6 10. cxd5 exd5 11. Rc1 Ne4 12. Nc3 Nb4 13. Qa4 c6 14. a3 Na6
15. e3 Nd6 16. b4 Nc7 17. Qb3 Be6 18. Ne5 f6 19. Nd3 Bf7 20. a4 a6 21. a5 g5
22. Re1 Re8 23. Na4 Kg7 24. Nac5 Ncb5 25. Rad1 Bg6 26. Nb2 Qf7 27. Nba4 Re7 28.
Nc3 Rae8 29. Nxd5 cxd5 30. Bxd5 Qf8 31. Ne6+ Rxe6 32. Bxe6 Be4 33. Rc1 Qe7 34.
Bd5 g4 35. Bxe4 Qxe4 36. Rcd1 Qf3 37. Rf1 Nf7 38. Rfe1 Ng5 39. Qb2 Nh3+ 40. Kf1
Nc3 0-1

[Event "34. Open Internacional de Andorra 2016"]
[Site "Andorra AND"]
[Date "2016.08.08"]
[Round "6.3"]
[White "Collins, Sam E"]
[Black "Vovk, Andriy"]
[Result "0-1"]
[WhiteElo "2448"]
[BlackElo "2637"]
[PlyCount "70"]
[EventDate "2016.08.03"]
[EventType "swiss"]
[EventRounds "9"]
[EventCountry "AND"]
[SourceTitle "Ajedrez en Madrid"]
[Source "lmi"]
[SourceDate "2016.08.03"]
[SourceVersion "1"]
[SourceVersionDate "2018.03.01"]
[SourceQuality "1"]

1. e4 c5 2. Nf3 Nc6 3. d4 cxd4 4. Nxd4 Nf6 5. Nc3 d6 6. Bg5 e6 7. Qd2 a6 8.
O-O-O Bd7 9. f4 b5 10. Bxf6 gxf6 11. Kb1 Qb6 12. Nxc6 Bxc6 13. f5 h5 14. fxe6
fxe6 15. Bd3 b4 16. Ne2 Bh6 17. Qe1 Qc5 18. g3 a5 19. Nf4 Kf7 20. Rf1 Rag8 21.
Nxe6 Kxe6 22. Rf5 Qe3 23. Bc4+ Ke7 24. Bxg8 Qxe1 25. Rxe1 Rxg8 26. Rxh5 Bd2 27.
Re2 Bg5 28. h4 Bf4 29. Rxa5 Rxg3 30. a3 bxa3 31. Rxa3 Rg1+ 32. Ka2 Bb5 33. Rf2
Be5 34. Kb3 Rg4 35. h5 Bc6 0-1

[Event "34. Open Internacional de Andorra 2016"]
[Site "Andorra AND"]
[Date "2016.08.08"]
[Round "6.4"]
[White "Trepat Herranz, Joan"]
[Black "Banusz, Tamas"]
[Result "1-0"]
[WhiteElo "2360"]
[BlackElo "2616"]
[PlyCount "77"]
[EventDate "2016.08.03"]
[EventType "swiss"]
[EventRounds "9"]
[EventCountry "AND"]
[SourceTitle "Ajedrez en Madrid"]
[Source "lmi"]
[SourceDate "2016.08.03"]
[SourceVersion "1"]
[SourceVersionDate "2018.03.01"]
[SourceQuality "1"]

1. e4 c5 2. Nf3 e6 3. b3 b6 4. Bd3 Bb7 5. O-O Nf6 6. e5 Nd5 7. Be4 Ne3 8. Bxb7
Nxd1 9. Bxa8 g5 10. Rxd1 g4 11. Ne1 Bg7 12. c3 Bxe5 13. d4 cxd4 14. cxd4 Bg7
15. Bf4 d5 16. Nc3 O-O 17. Rac1 a6 18. Ne2 b5 19. Bc7 Qe7 20. Bb7 Qa3 21. Rc2
Nd7 22. Nd3 Bf6 23. Nc5 Nb8 24. Bxb8 Rxb8 25. Nd7 Rxb7 26. Nxf6+ Kg7 27. Nxg4
a5 28. h4 a4 29. Rd3 axb3 30. Rxb3 Qa5 31. Rg3 Kf8 32. Rgc3 b4 33. Rc5 Qa4 34.
g3 b3 35. axb3 Qxb3 36. Kg2 Ra7 37. Rc8+ Kg7 38. Nf4 Ra3 39. Nxe6+ 1-0

[Event "34. Open Internacional de Andorra 2016"]
[Site "Andorra AND"]
[Date "2016.08.08"]
[Round "6.5"]
[White "Lagarde, Maxime"]
[Black "Bekker-Jensen, Simon"]
[Result "1/2-1/2"]
[WhiteElo "2572"]
[BlackElo "2456"]
[PlyCount "93"]
[EventDate "2016.08.03"]
[EventType "swiss"]
[EventRounds "9"]
[EventCountry "AND"]
[SourceTitle "Ajedrez en Madrid"]
[Source "lmi"]
[SourceDate "2016.08.03"]
[SourceVersion "1"]
[SourceVersionDate "2018.03.01"]
[SourceQuality "1"]

1. e4 c5 2. Nf3 d6 3. d4 Nf6 4. Nc3 cxd4 5. Nxd4 a6 6. h3 e5 7. Nde2 h5 8. Bg5
Be6 9. f4 Be7 10. f5 Bc8 11. Bxf6 Bxf6 12. Qd3 b5 13. O-O-O Rh6 14. Kb1 Bg5 15.
g3 h4 16. gxh4 Bxh4 17. Rg1 Kf8 18. Qf3 Bb7 19. Qg4 Qf6 20. Nd5 Bxd5 21. exd5
Bf2 22. Rg2 Rh4 23. Qf3 Bc5 24. Rg4 Nd7 25. Ng3 Qh6 26. Ne4 Rxg4 27. hxg4 Qf4
28. Bg2 Qxf3 29. Bxf3 Ke7 30. Rh1 Rg8 31. g5 Be3 32. a4 bxa4 33. Ka2 f6 34. g6
Nb6 35. Nc3 Rc8 36. Be2 Rc5 37. Rh7 Bh6 38. Bxa6 a3 39. Bb5 axb2 40. Rh8 Rc8
41. Rxc8 Nxc8 42. Ba6 Nb6 43. Kxb2 Be3 44. Nd1 Bc5 45. Bb7 Nc4+ 46. Kc3 Ne3 47.
Nxe3 1/2-1/2

[Event "34. Open Internacional de Andorra 2016"]
[Site "Andorra AND"]
[Date "2016.08.08"]
[Round "6.6"]
[White "Glud, Jakob Vang"]
[Black "Barbot, Pierre"]
[Result "1/2-1/2"]
[WhiteElo "2532"]
[BlackElo "2444"]
[PlyCount "126"]
[EventDate "2016.08.03"]
[EventType "swiss"]
[EventRounds "9"]
[EventCountry "AND"]
[SourceTitle "Ajedrez en Madrid"]
[Source "lmi"]
[SourceDate "2016.08.03"]
[SourceVersion "1"]
[SourceVersionDate "2018.03.01"]
[SourceQuality "1"]

1. c4 e5 2. g3 Nf6 3. Bg2 d5 4. cxd5 Nxd5 5. Nc3 Nb6 6. Nf3 Nc6 7. O-O Be7 8.
Rb1 O-O 9. b4 Bf5 10. b5 Nd4 11. d3 Re8 12. Nd2 Rb8 13. a4 Bg4 14. a5 Nc8 15.
h3 Bh5 16. Nc4 Bf8 17. g4 Bg6 18. Nd5 Nd6 19. Nxd6 Bxd6 20. Be3 c6 21. bxc6
bxc6 22. Rxb8 Bxb8 23. Nb4 Qd6 24. Na6 Nxe2+ 25. Kh1 Nf4 26. Bxf4 exf4 27. Qf3
c5 28. Qc6 Qe5 29. Nxb8 Rxb8 30. Rc1 h6 31. Qxc5 Qxc5 32. Rxc5 Bxd3 33. Rd5 Be2
34. Be4 g5 35. Rd7 a6 36. Kg2 Rb5 37. Bd5 Rxa5 38. Bxf7+ Kf8 39. Bd5 Bd3 40.
Bb7 Ra3 41. Rd6 a5 42. Rxh6 Rb3 43. Bd5 Rb5 44. Bf3 Rc5 45. Rh8+ Kg7 46. Ra8
Bc2 47. Bb7 a4 48. h4 gxh4 49. Kh3 Kg6 50. Kxh4 Bb3 51. Be4+ Kf6 52. f3 Rc1 53.
g5+ Ke5 54. g6 Ra1 55. Rb8 a3 56. Rxb3 a2 57. Ra3 Rh1+ 58. Kg5 a1=Q 59. Rxa1
Rxa1 60. Bf5 Ra7 61. Bc2 Ra2 62. Bf5 Ra7 63. Bd3 Ra1 1/2-1/2

[Event "34. Open Internacional de Andorra 2016"]
[Site "Andorra AND"]
[Date "2016.08.08"]
[Round "6.7"]
[White "Antoli Royo, Joaquin Miguel"]
[Black "Kogan, Arthur"]
[Result "1-0"]
[WhiteElo "2432"]
[BlackElo "2530"]
[PlyCount "109"]
[EventDate "2016.08.03"]
[EventType "swiss"]
[EventRounds "9"]
[EventCountry "AND"]
[SourceTitle "Ajedrez en Madrid"]
[Source "lmi"]
[SourceDate "2016.08.03"]
[SourceVersion "1"]
[SourceVersionDate "2018.03.01"]
[SourceQuality "1"]

1. e4 c5 2. Nf3 d6 3. d4 cxd4 4. Qxd4 e5 5. Bb5+ Nd7 6. Qd3 h6 7. Nc3 Ngf6 8.
Nd2 Be7 9. Nc4 O-O 10. Bxd7 Qxd7 11. Ne3 Qc6 12. O-O Re8 13. Rd1 Be6 14. Ncd5
b5 15. b3 a5 16. c4 bxc4 17. bxc4 Rac8 18. Rb1 Bxd5 19. exd5 Qa4 20. Rb3 e4 21.
Qb1 Bd8 22. Ba3 Qd7 23. Rb7 Rc7 24. Rb6 Ng4 25. Rxd6 Qa4 26. Qb5 Qxb5 27. cxb5
Nxe3 28. fxe3 Rb7 29. Rc6 Bg5 30. d6 Rd8 31. Rd5 Bxe3+ 32. Kf1 g6 33. Ke2 Bg5
34. Bb2 f5 35. Rc7 Rd7 36. Rxb7 Rxb7 37. d7 Bd8 38. a4 Kf7 39. Rd6 Rc7 40. Be5
Rc2+ 41. Kd1 Rc4 42. b6 Rxa4 43. b7 Rb4 44. Bf6 Bxf6 45. Rxf6+ Ke7 46. Rf8 Kxd7
47. b8=Q Rxb8 48. Rxb8 Kc6 49. Rh8 a4 50. Rxh6 a3 51. Rxg6+ Kb5 52. Rg8 f4 53.
Kc2 a2 54. Ra8 a1=B 55. Rxa1 1-0

[Event "34. Open Internacional de Andorra 2016"]
[Site "Andorra AND"]
[Date "2016.08.08"]
[Round "6.8"]
[White "Riff, Jean-Noel"]
[Black "Jerez Perez, Alfonso"]
[Result "1-0"]
[WhiteElo "2483"]
[BlackElo "2386"]
[PlyCount "57"]
[EventDate "2016.08.03"]
[EventType "swiss"]
[EventRounds "9"]
[EventCountry "AND"]
[SourceTitle "Ajedrez en Madrid"]
[Source "lmi"]
[SourceDate "2016.08.03"]
[SourceVersion "1"]
[SourceVersionDate "2018.03.01"]
[SourceQuality "1"]

1. e4 e6 2. d4 d5 3. Nc3 Nf6 4. e5 Nfd7 5. f4 c5 6. Nf3 Nc6 7. Be3 Be7 8. Qd2
O-O 9. dxc5 Bxc5 10. O-O-O Qa5 11. a3 Be7 12. Nd4 Nxd4 13. Bxd4 f6 14. exf6
Bxf6 15. g3 Bxd4 16. Qxd4 Nf6 17. Bh3 Bd7 18. Rhe1 Rfe8 19. Re5 Rac8 20. g4 b5
21. g5 Rc4 22. Qe3 b4 23. gxf6 bxc3 24. Bxe6+ Rxe6 25. Rxe6 cxb2+ 26. Kb1 Qa4
27. Rd2 Rxf4 28. Rxd5 gxf6 29. Re7 1-0

[Event "34. Open Internacional de Andorra 2016"]
[Site "Andorra AND"]
[Date "2016.08.08"]
[Round "6.9"]
[White "Aloma Vidal, Robert"]
[Black "Cimer, Emanuel"]
[Result "1-0"]
[WhiteElo "2475"]
[BlackElo "2230"]
[PlyCount "117"]
[EventDate "2016.08.03"]
[EventType "swiss"]
[EventRounds "9"]
[EventCountry "AND"]
[SourceTitle "Ajedrez en Madrid"]
[Source "lmi"]
[SourceDate "2016.08.03"]
[SourceVersion "1"]
[SourceVersionDate "2018.03.01"]
[SourceQuality "1"]

1. d4 Nf6 2. Bg5 g6 3. Bxf6 exf6 4. e3 Bg7 5. g3 O-O 6. Bg2 d6 7. Ne2 f5 8. O-O
Nd7 9. c4 Nf6 10. Nbc3 Re8 11. Qd3 h5 12. b4 h4 13. a4 hxg3 14. hxg3 a5 15. b5
Rb8 16. Nf4 Ng4 17. Bf3 Bh6 18. Kg2 Kg7 19. Rab1 b6 20. Ncd5 Bb7 21. Rbc1 Rh8
22. Rh1 Bxf4 23. exf4 Qd7 24. Qc3 Rxh1 25. Rxh1 Bxd5 26. Bxd5 Rh8 27. Rxh8 Kxh8
28. Qe1 Kg7 29. Qe2 Qd8 30. f3 Nf6 31. Bc6 Kf8 32. g4 Qc8 33. Kg3 Qe6 34. Qxe6
fxe6 35. Kh4 Kf7 36. Bb7 Kg7 37. Bc8 Kf7 38. Kg5 fxg4 39. fxg4 Ne4+ 40. Kh6 Nc3
41. d5 exd5 42. g5 Ke7 43. Kxg6 dxc4 44. f5 Kf8 45. Kh6 Nd5 46. g6 Nf6 47. g7+
Ke7 48. Be6 c3 49. Bb3 d5 50. Kg6 d4 51. Bc2 Ng8 52. Kh7 Nf6+ 53. Kh8 Kf7 54.
Bd3 Ng8 55. Bc4+ Kf6 56. Bxg8 c2 57. Bh7 c1=Q 58. g8=Q Qc5 59. Qg7# 1-0

[Event "34. Open Internacional de Andorra 2016"]
[Site "Andorra AND"]
[Date "2016.08.08"]
[Round "6.10"]
[White "Aubry, Yannis"]
[Black "Pein, Malcolm"]
[Result "0-1"]
[WhiteElo "2269"]
[BlackElo "2357"]
[PlyCount "38"]
[EventDate "2016.08.03"]
[EventType "swiss"]
[EventRounds "9"]
[EventCountry "AND"]
[SourceTitle "Ajedrez en Madrid"]
[Source "lmi"]
[SourceDate "2016.08.03"]
[SourceVersion "1"]
[SourceVersionDate "2018.03.01"]
[SourceQuality "1"]

1. d4 Nf6 2. c4 g6 3. f3 Bg7 4. e4 O-O 5. Nc3 d6 6. Nge2 Nc6 7. Be3 a6 8. Qd2
Bd7 9. d5 Na5 10. Ng3 b5 11. c5 dxc5 12. Bxc5 c6 13. dxc6 Nxc6 14. Be2 Qa5 15.
Rc1 Be6 16. a3 Rfd8 17. Qe3 Nd7 18. b4 Qxa3 19. Nd5 Qb2 0-1

[Event "34. Open Internacional de Andorra 2016"]
[Site "Andorra AND"]
[Date "2016.08.08"]
[Round "6.11"]
[White "Garrido Fernandez, Daniel"]
[Black "Sowray, Peter J"]
[Result "1-0"]
[WhiteElo "2204"]
[BlackElo "2348"]
[PlyCount "69"]
[EventDate "2016.08.03"]
[EventType "swiss"]
[EventRounds "9"]
[EventCountry "AND"]
[SourceTitle "Ajedrez en Madrid"]
[Source "lmi"]
[SourceDate "2016.08.03"]
[SourceVersion "1"]
[SourceVersionDate "2018.03.01"]
[SourceQuality "1"]

1. e4 c5 2. Nf3 e6 3. g3 d5 4. exd5 exd5 5. d4 Nf6 6. Bg2 Be7 7. O-O O-O 8.
dxc5 Bxc5 9. Nbd2 Nc6 10. Nb3 Bb6 11. c3 Bf5 12. Nbd4 Be4 13. h3 Re8 14. Be3
Na5 15. b3 Rc8 16. Rc1 h6 17. Qd2 Bh7 18. Nh4 Ne4 19. Bxe4 dxe4 20. Qe2 Nc6 21.
Nxc6 Rxc6 22. Rfd1 Qc8 23. Bxb6 axb6 24. Ng2 Qxh3 25. Rd5 e3 26. Nxe3 Be4 27.
Rh5 Qc8 28. c4 Rf6 29. Qd2 Bf3 30. Rh4 g5 31. Rh2 Rfe6 32. Nf5 Re5 33. Nxh6+
Kf8 34. Qd6+ R8e7 35. Nf5 1-0

[Event "34. Open Internacional de Andorra 2016"]
[Site "Andorra AND"]
[Date "2016.08.08"]
[Round "6.12"]
[White "Berkovich, Mark A"]
[Black "Podvin, Francois-Xavier"]
[Result "1-0"]
[WhiteElo "2346"]
[BlackElo "2165"]
[PlyCount "45"]
[EventDate "2016.08.03"]
[EventType "swiss"]
[EventRounds "9"]
[EventCountry "AND"]
[SourceTitle "Ajedrez en Madrid"]
[Source "lmi"]
[SourceDate "2016.08.03"]
[SourceVersion "1"]
[SourceVersionDate "2018.03.01"]
[SourceQuality "1"]

1. c4 c5 2. Nc3 g6 3. g3 Bg7 4. Bg2 Nc6 5. Nf3 e6 6. d4 cxd4 7. Nb5 d5 8. cxd5
Qa5+ 9. Nd2 Qxb5 10. a4 Qa6 11. dxc6 Ne7 12. b4 bxc6 13. b5 Qa5 14. O-O Nd5 15.
Ba3 cxb5 16. axb5 Qxb5 17. Ne4 Qd7 18. Nd6+ Kd8 19. Qd2 a5 20. Bxd5 exd5 21.
Qg5+ f6 22. Qxd5 Ra6 23. Rac1 1-0

[Event "34. Open Internacional de Andorra 2016"]
[Site "Andorra AND"]
[Date "2016.08.08"]
[Round "6.13"]
[White "Bilquez, Romain"]
[Black "Barbero Sendic, Alejandro"]
[Result "1/2-1/2"]
[WhiteElo "2183"]
[BlackElo "2336"]
[PlyCount "55"]
[EventDate "2016.08.03"]
[EventType "swiss"]
[EventRounds "9"]
[EventCountry "AND"]
[SourceTitle "Ajedrez en Madrid"]
[Source "lmi"]
[SourceDate "2016.08.03"]
[SourceVersion "1"]
[SourceVersionDate "2018.03.01"]
[SourceQuality "1"]

1. e4 e5 2. Nf3 Nc6 3. d4 exd4 4. Bc4 Nf6 5. O-O Nxe4 6. Re1 d5 7. Bxd5 Qxd5 8.
Nc3 Qd7 9. Nxe4 Be7 10. Bg5 O-O 11. Bxe7 Qxe7 12. Nxd4 Bd7 13. Nb3 Rae8 14. Qd2
Bc8 15. c3 Rd8 16. Qf4 Rfe8 17. Re3 Qe5 18. Qxe5 Nxe5 19. Rae1 Ng4 20. R3e2 f5
21. h3 Rxe4 22. Rxe4 fxe4 23. hxg4 Bxg4 24. Rxe4 Bf5 25. Re5 Rd1+ 26. Kh2 Bg6
27. Kg3 Kf7 28. a3 1/2-1/2

[Event "34. Open Internacional de Andorra 2016"]
[Site "Andorra AND"]
[Date "2016.08.08"]
[Round "6.14"]
[White "Adel Lahchaichi, Oussama"]
[Black "Cantin, Loic"]
[Result "1/2-1/2"]
[WhiteElo "2334"]
[BlackElo "2146"]
[PlyCount "89"]
[EventDate "2016.08.03"]
[EventType "swiss"]
[EventRounds "9"]
[EventCountry "AND"]
[SourceTitle "Ajedrez en Madrid"]
[Source "lmi"]
[SourceDate "2016.08.03"]
[SourceVersion "1"]
[SourceVersionDate "2018.03.01"]
[SourceQuality "1"]

1. c4 Nf6 2. g3 c6 3. Nf3 d5 4. b3 Bf5 5. Bg2 e6 6. O-O Be7 7. Bb2 O-O 8. d3 h6
9. Nbd2 Nbd7 10. Rc1 Bh7 11. Rc2 a5 12. a3 Re8 13. Qa1 c5 14. cxd5 exd5 15. a4
Nb8 16. Rcc1 Nc6 17. d4 cxd4 18. Nxd4 Nxd4 19. Bxd4 Bb4 20. Bxf6 Qxf6 21. Qxf6
gxf6 22. Rfd1 Rxe2 23. Nf1 Bc2 24. Rxd5 Bxb3 25. Rd7 Bxa4 26. Rxb7 Rd8 27. Rcc7
Bb3 28. Bf3 Re1 29. Bh5 Rf8 30. Bf3 Rfe8 31. Kg2 R1e7 32. Rxe7 Rxe7 33. Rb8+
Kg7 34. Ne3 Re5 35. Be2 Be6 36. Bd3 Bc5 37. Nc4 Rd5 38. Be2 a4 39. Rb5 Bf8 40.
Rb1 Rd4 41. Ne3 a3 42. Ra1 a2 43. Rxa2 Bxa2 44. Nf5+ Kg6 45. Nxd4 1/2-1/2

[Event "34. Open Internacional de Andorra 2016"]
[Site "Andorra AND"]
[Date "2016.08.08"]
[Round "6.15"]
[White "Cai, Chaoruo"]
[Black "Gozzoli, Yannick"]
[Result "1/2-1/2"]
[WhiteElo "1961"]
[BlackElo "2573"]
[PlyCount "104"]
[EventDate "2016.08.03"]
[EventType "swiss"]
[EventRounds "9"]
[EventCountry "AND"]
[SourceTitle "Ajedrez en Madrid"]
[Source "lmi"]
[SourceDate "2016.08.03"]
[SourceVersion "1"]
[SourceVersionDate "2018.03.01"]
[SourceQuality "1"]

1. d4 Nf6 2. Nf3 g6 3. c4 Bg7 4. Nc3 c5 5. d5 d6 6. e4 O-O 7. h3 e6 8. Bd3 exd5
9. exd5 Re8+ 10. Be3 Nbd7 11. O-O Rxe3 12. fxe3 Qe7 13. Qc2 Nh5 14. Qf2 f5 15.
Rab1 b6 16. Rfe1 Ba6 17. Ne2 Ne5 18. Nxe5 dxe5 19. b3 Rf8 20. g3 Qd6 21. Rf1
Bc8 22. Qg2 e4 23. Bc2 Nf6 24. Nf4 Bh6 25. Kh1 Rf7 26. Rbe1 Qe5 27. Bd1 Re7 28.
g4 fxg4 29. Bxg4 Nxg4 30. hxg4 Qg5 31. Ne6 Bxe6 32. dxe6 Rxe6 33. Qg3 Re8 34.
Re2 Bg7 35. Qf4 Qh4+ 36. Rh2 Qe7 37. Rhf2 Rf8 38. Qg3 Rxf2 39. Qxf2 Be5 40. Kg2
Kg7 41. Rh1 Qd7 42. Qe2 Qe7 43. Qe1 Qd7 44. Qd1 Qe6 45. Rf1 Bd6 46. Rf2 Kh6 47.
Kh3 Qe5 48. Rg2 Kg7 49. Qd5 Qf6 50. Qb7+ Be7 51. Rg3 Qf1+ 52. Kh2 Qf2+ 1/2-1/2

[Event "34. Open Internacional de Andorra 2016"]
[Site "Andorra AND"]
[Date "2016.08.08"]
[Round "6.16"]
[White "Eden, James"]
[Black "Malassagne, Raphael"]
[Result "1-0"]
[WhiteElo "2320"]
[BlackElo "2129"]
[PlyCount "97"]
[EventDate "2016.08.03"]
[EventType "swiss"]
[EventRounds "9"]
[EventCountry "AND"]
[SourceTitle "Ajedrez en Madrid"]
[Source "lmi"]
[SourceDate "2016.08.03"]
[SourceVersion "1"]
[SourceVersionDate "2018.03.01"]
[SourceQuality "1"]

1. e4 c5 2. Nf3 e6 3. d4 cxd4 4. Nxd4 Nc6 5. Nb5 d6 6. Bf4 e5 7. Be3 Nf6 8.
N1c3 a6 9. Na3 Be7 10. Nc4 b5 11. Nb6 Rb8 12. Nbd5 Ng4 13. Bd2 f5 14. Bd3 b4
15. Ne2 Nf6 16. c4 Nxe4 17. Bxe4 fxe4 18. Ng3 O-O 19. h4 a5 20. Be3 Kh8 21. Qh5
Nd4 22. O-O-O b3 23. a3 Be6 24. Bxd4 exd4 25. Nxe4 Rf5 26. Ng5 Bg8 27. Rde1
Bxg5+ 28. hxg5 Rxg5 29. Qh4 h6 30. Ne7 Rc5 31. Kd1 Bh7 32. Re6 h5 33. Rh6 Qe8
34. Rxh5 Rxh5 35. Qxh5 Qxh5+ 36. Rxh5 Re8 37. Nc6 Kg8 38. Nxd4 a4 39. Kd2 Re4
40. Rd5 Kf8 41. f3 Rh4 42. Rxd6 Ke7 43. c5 Rh2 44. Re6+ Kf7 45. Re2 Rh5 46. c6
Rd5 47. Kc3 Bg8 48. f4 Kf6 49. Re5 1-0

[Event "34. Open Internacional de Andorra 2016"]
[Site "Andorra AND"]
[Date "2016.08.08"]
[Round "6.17"]
[White "Bas Mas, Miguel"]
[Black "Rudolf, Anna"]
[Result "1-0"]
[WhiteElo "2123"]
[BlackElo "2247"]
[PlyCount "125"]
[EventDate "2016.08.03"]
[EventType "swiss"]
[EventRounds "9"]
[EventCountry "AND"]
[SourceTitle "Ajedrez en Madrid"]
[Source "lmi"]
[SourceDate "2016.08.03"]
[SourceVersion "1"]
[SourceVersionDate "2018.03.01"]
[SourceQuality "1"]

1. e4 e5 2. Nf3 Nc6 3. Bb5 a6 4. Ba4 Nf6 5. d3 d6 6. O-O g6 7. a3 Bg7 8. Nc3 h6
9. Be3 O-O 10. h3 Nh5 11. Qd2 g5 12. d4 Nf4 13. Bxc6 bxc6 14. dxe5 dxe5 15.
Qxd8 Rxd8 16. Rfd1 Be6 17. Nd2 Bf8 18. f3 a5 19. b3 f6 20. Kf2 h5 21. Nf1 h4
22. Rxd8 Rxd8 23. Nd2 Bf7 24. Na4 Ne6 25. Ke2 Nd4+ 26. Bxd4 Rxd4 27. Nb2 Bc5
28. Ndc4 Bb6 29. Rd1 Rxd1 30. Kxd1 Kf8 31. Kd2 Ke7 32. Kd3 Kd7 33. Na4 Bxc4+
34. Kxc4 Kd6 35. c3 Be3 36. b4 axb4 37. cxb4 Bc1 38. Kb3 Be3 39. Nb2 Kd7 40.
Nc4 Bd4 41. Ka4 Kc8 42. b5 cxb5+ 43. Kxb5 Kd7 44. Na5 c5 45. Nc6 Bb2 46. a4 c4
47. Nb4 c3 48. Kc4 Kd6 49. Kb3 Ba1 50. Nd5 Kc5 51. Nxc3 Kd4 52. a5 Kc5 53. Nd5
Kb5 54. Nxf6 Bd4 55. Ng4 Kxa5 56. Kc4 Kb6 57. Kd5 Kc7 58. Nxe5 Be3 59. Ng4 Bf4
60. Ke6 Kd8 61. Nf6 Bc1 62. e5 Bb2 63. Nh7 1-0

[Event "34. Open Internacional de Andorra 2016"]
[Site "Andorra AND"]
[Date "2016.08.08"]
[Round "6.18"]
[White "Martinez Lopez, Ivan"]
[Black "Eizaguerri Floris, Maria"]
[Result "1-0"]
[WhiteElo "2246"]
[BlackElo "2111"]
[PlyCount "77"]
[EventDate "2016.08.03"]
[EventType "swiss"]
[EventRounds "9"]
[EventCountry "AND"]
[SourceTitle "Ajedrez en Madrid"]
[Source "lmi"]
[SourceDate "2016.08.03"]
[SourceVersion "1"]
[SourceVersionDate "2018.03.01"]
[SourceQuality "1"]

1. Nf3 d5 2. g3 Nf6 3. Bg2 c6 4. O-O Bg4 5. h3 Bh5 6. b3 e6 7. d3 Bd6 8. Bb2
Nbd7 9. Nbd2 O-O 10. c4 Re8 11. Re1 Qb6 12. Rc1 a5 13. Bd4 Bc5 14. Bxc5 Nxc5
15. g4 Bg6 16. Ne5 d4 17. Ndf3 Red8 18. Qd2 Qb4 19. Qf4 a4 20. Nxd4 axb3 21.
Nxb3 Nxb3 22. axb3 Qxb3 23. Rb1 Qc2 24. Rxb7 Rf8 25. Nxc6 Kh8 26. Ne5 Ra2 27.
Bf3 Kg8 28. h4 h6 29. h5 Bh7 30. g5 hxg5 31. Qxg5 Ne8 32. h6 g6 33. Nd7 f6 34.
Qc5 Rf7 35. Qc8 Re7 36. Nxf6+ Kf8 37. Nxh7+ Kg8 38. Nf6+ Kf8 39. h7 1-0

[Event "34. Open Internacional de Andorra 2016"]
[Site "Andorra AND"]
[Date "2016.08.08"]
[Round "6.19"]
[White "Nieves Cabanes, Jose Manuel"]
[Black "Ronce, Nathan"]
[Result "1/2-1/2"]
[WhiteElo "2227"]
[BlackElo "2122"]
[PlyCount "98"]
[EventDate "2016.08.03"]
[EventType "swiss"]
[EventRounds "9"]
[EventCountry "AND"]
[SourceTitle "Ajedrez en Madrid"]
[Source "lmi"]
[SourceDate "2016.08.03"]
[SourceVersion "1"]
[SourceVersionDate "2018.03.01"]
[SourceQuality "1"]

1. d4 d5 2. c4 c6 3. Nf3 Nf6 4. Qc2 dxc4 5. e4 b5 6. b3 cxb3 7. axb3 e6 8. Bd2
a5 9. Bd3 h6 10. O-O Bb7 11. Nc3 Be7 12. e5 Nfd7 13. d5 cxd5 14. Nxb5 Nc6 15.
Nd6+ Bxd6 16. exd6 O-O 17. Ra4 Nde5 18. Nxe5 Nxe5 19. Bh7+ Kh8 20. f4 Ng4 21.
f5 Qb6+ 22. Kh1 Nf2+ 23. Rxf2 Qxf2 24. Rf4 Qe2 25. f6 g5 26. Bd3 Rac8 27. Qxc8
Qd1+ 28. Rf1 Qxf1+ 29. Bxf1 Bxc8 30. Bb5 Rd8 31. Bxa5 Rxd6 32. Bc7 Ra6 33. Bxa6
Bxa6 34. Be5 h5 35. Kg1 Kh7 36. Kf2 d4 37. Bxd4 Kg6 38. g3 Kf5 39. Ke3 e5 40.
Bb6 Kxf6 41. h4 gxh4 42. Bd8+ Kf5 43. Bxh4 Bb7 44. b4 Kg4 45. Bf6 Kxg3 46.
Bxe5+ Kg4 47. b5 f5 48. b6 h4 49. Bd6 Bc6 1/2-1/2

[Event "34. Open Internacional de Andorra 2016"]
[Site "Andorra AND"]
[Date "2016.08.08"]
[Round "6.20"]
[White "Anguera Maestro, Jaime"]
[Black "Leiro Giralt, Daniel"]
[Result "1/2-1/2"]
[WhiteElo "2092"]
[BlackElo "2199"]
[PlyCount "23"]
[EventDate "2016.08.03"]
[EventType "swiss"]
[EventRounds "9"]
[EventCountry "AND"]
[SourceTitle "Ajedrez en Madrid"]
[Source "lmi"]
[SourceDate "2016.08.03"]
[SourceVersion "1"]
[SourceVersionDate "2018.03.01"]
[SourceQuality "1"]

1. d4 d5 2. Nf3 c5 3. e3 Nc6 4. c3 cxd4 5. exd4 Bg4 6. h3 Bf5 7. Ne5 f6 8. Nxc6
bxc6 9. Bd3 Bxd3 10. Qxd3 e5 11. dxe5 fxe5 12. Qf5 1/2-1/2

[Event "34. Open Internacional de Andorra 2016"]
[Site "Andorra AND"]
[Date "2016.08.08"]
[Round "6.21"]
[White "Marzano, Carlo"]
[Black "Smith, Matthieu"]
[Result "1/2-1/2"]
[WhiteElo "2199"]
[BlackElo "2108"]
[PlyCount "50"]
[EventDate "2016.08.03"]
[EventType "swiss"]
[EventRounds "9"]
[EventCountry "AND"]
[SourceTitle "Ajedrez en Madrid"]
[Source "lmi"]
[SourceDate "2016.08.03"]
[SourceVersion "1"]
[SourceVersionDate "2018.03.01"]
[SourceQuality "1"]

1. d4 d6 2. c4 e5 3. Nc3 exd4 4. Qxd4 Nc6 5. Qd2 g6 6. b3 Bg7 7. Bb2 Nf6 8. Nf3
O-O 9. g3 Bf5 10. Bg2 Ne4 11. Nxe4 Bxe4 12. O-O Qe7 13. Rfd1 Rad8 14. Rac1 Rfe8
15. Bxg7 Kxg7 16. e3 Kg8 17. Qc3 b6 18. Rd2 a5 19. Rcd1 Rb8 20. Rc1 Qf8 21.
Rcd1 Qg7 22. Qxg7+ Kxg7 23. Nd4 Bxg2 24. Kxg2 Nxd4 25. Rxd4 f5 1/2-1/2